Security and Southeast Asia: domestic, regional, and global issues. (Record no. 129007)

MARC details
000 -LEADER
fixed length control field 00393nam a2200145Ia 4500
008 - FIXED-LENGTH DATA ELEMENTS--GENERAL INFORMATION
fixed length control field 230917s9999||||xx |||||||||||||| ||und||
040 ## - CATALOGING SOURCE
-- 106900
Original cataloging agency VIVEKANANDA LIBRARY
041 ## - Language
-- English
082 ## - DDC NUMBER
Classification number 327.116 C692S
100 ## - MAIN ENTRY--PERSONAL NAME
Personal name Collins, Alan
245 #0 - TITLE STATEMENT
Title Security and Southeast Asia: domestic, regional, and global issues.
260 ## - PUBLICATION, DISTRIBUTION, ETC. (IMPRINT)
Place of publication, distribution, etc New Delhi
Name of publisher, distributor, etc Viva Books
Date of publication, distribution, etc 2005
300 ## - PHYSICAL DESCRIPTION
Pages 245 p.
942 ## - ADDED ENTRY ELEMENTS (KOHA)
Koha item type Books
Holdings
Withdrawn status Lost status Damaged status Not for loan Location (home branch) Sublocation or collection (holding branch) Date acquired Koha issues (times borrowed) Koha full call number Accession No. Koha date last seen Koha item type
        VIVEKANANDA LIBRARY VIVEKANANDA LIBRARY 30/06/2005   327.116 C692S 225892 17/09/2023 Books
© Designed and Maintained by Vivekananda Library, MDU Rohtak